| 000 | 01153nam0a2200301 4500 | ||
|---|---|---|---|
| 001 | RU\NLR\bibl\11301 | ||
| 005 | 20260406053828.0 | ||
| 010 |
_a5-7805-0294-3 _920000 |
||
| 021 |
_aRU _b98-15647 _9740 |
||
| 035 | _a(NLR Aleph) 000011022 | ||
| 090 |
_a38259 _c38259 |
||
| 100 | _a19981228d1998 |||y0rusy50 ca | ||
| 101 | 0 | _arus | |
| 102 | _aRU | ||
| 105 | _a||||||||||||| | ||
| 200 | 1 |
_aПрактическая психология в тестах, или Как научиться понимать себя и других _e[Сб. _fСост.: Р. Римская, С. Римский] |
|
| 210 |
_aМ. _cАСТ-ПРЕСС _d1998 |
||
| 215 |
_a394 с., [4] л. цв. ил. _cил. _d22 |
||
| 225 | 1 | _aСер. "Педагогика, психология, медицина" | |
| 320 | _aБиблиогр.: с. 394 | ||
| 606 | 0 |
_aТесты психологические _jСборники _92070802 _3RU\NLR\auth\661245541 |
|
| 686 | _aЮ9в648я43 | ||
| 702 | 1 |
_4220 _8rus _7ca _aРимская _bР. _3RU\NLR\auth\778499 _9118404 |
|
| 801 | 0 |
_aRU _bNLR _c19981228 _gPSBO |
|
| 801 | 1 |
_aRU _bNLR _c19981228 |
|
| 852 |
_aNLR _j98-5/1544 |
||
| 942 | _cBOOK | ||
| 980 | _aNB | ||